2020-2021 Premier League Home Kits - Statistics

General Stats
  • This quiz has been taken 61 times
  • The average score is 13 of 20
Answer Stats
Hint Answer % Correct
Red and Dark Red Zig-Zag Pattern Shirt with White Sleeves Arsenal
86%
Claret Shirt with Light Blue Sleeves and a Washed Out Badge West Ham
80%
Red Shirt with a White Sash Southampton
78%
A Blue Shirt with a Giant 3 in the Middle Chelsea
76%
A Dark Blue Shirt with Some Metallic Blue Lines and White Accents Everton
71%
Blue with White Outlines of Broken Glass Manchester City
71%
A White Shirt with Blue Adidas Stripes and A Blue Sponsor Leeds United
69%
Red Shirt with Teal and White Accents on the Collar and the Sleeves Liverpool
69%
A Red Shirt With Black and Yellow Bus Seat Pattern Manchester United
69%
A Black and White Striped Shirt with a Light Blue Sponsor Newcastle United
69%
A Dark Yellow Shirt with A Triangle Pattern and Black and White Sleeves Wolverhampton Wanderers
69%
Claret Shirt with Light Blue Sleeves and A Giant Chinese Betting Company Sponsor Burnley
67%
A White Shirt with a Gray Snowflake Pattern, A Yellow Strip on the Collar, and Navy and White Sleeves Tottenham Hotspur
65%
Blue Shirt with Red Skyscraper Stripes and the Puma Logo Jumping from Building to Building Crystal Palace
61%
Claret Shirt with Light Blue Sleeves and Black Pinstripes Aston Villa
59%
White Shirt with Thick, Black Sleeves Fulham
59%
A Dark Blue Shirt with White and Gold Accents Leicester City
55%
Red and White Stripes with White on Top and a Black Collar Sheffield United
55%
A Blue and White Striped Shirt that Looks Like a Barcode West Bromwich Albion
53%
Blue Shirt with White Pinstripes, a White Rugby Collar, and Gold Accents Brighton
47%
No matching quizzes found
Score Distribution
Percent of People with Each Score
Percentile by Number Answered
Your Score History
You have not taken this quiz